| 000 | 01021nam0a22002651 4500 | ||
|---|---|---|---|
| 001 | rc\741503 | ||
| 005 | 20040301142036.1 | ||
| 035 | _a(NLR Aleph) 006270939 | ||
| 090 |
_a6948561 _c6948561 |
||
| 100 | _a20040301d1985 u |0rusy50 ca | ||
| 101 | 0 | _arus | |
| 102 | _aRU | ||
| 105 | _ay ||||||||| | ||
| 200 | 1 |
_aОрганизация внутрихозяйственного бухгалтерского контроля, осуществляемого централизованными бухгалтериями торгов _eТекст лекции |
|
| 210 |
_aКиев _cКТЭИ _d1985 |
||
| 215 |
_a23 с. _d21 |
||
| 300 | _aВ надзаг.: Киев. торг.-экон. ин-т | ||
| 320 | _aБиблиогр.: с. 23 (6 назв.) | ||
| 700 | 1 |
_aСухарева _bЛ. А. _gЛюдмила Алексеевна |
|
| 701 | 1 |
_aЛазуренко _bВ. И. _gВладимир Иванович |
|
| 801 | 0 |
_aRU _bNLR _gpsbo |
|
| 801 | 1 |
_aRU _bELAR _2rusmarc |
|
| 852 |
_aNLR _j85-4/23005 |
||
| 942 | _cBOOK | ||
| 980 | _aNB | ||